000 00629cam a2200217 4500500
005 20260329004932.0
041 _afre
042 _adc
100 1 0 _aPortevin, Catherine
_eauthor
245 0 0 _aLa honte est un sentiment révolutionnaire
260 _c2021.
500 _a24
690 _aAffect
690 _aFrédéric Gros
690 _aHonte
690 _aPolitique
690 _aRévolution
690 _aSartre
786 0 _nPhilosophie magazine | 152 | 9 | 2021-09-01 | p. 80-81 | 1951-1787
856 4 1 _uhttps://shs.cairn.info/magazine-philosophie-magazine-2021-9-page-80?lang=fr&redirect-ssocas=7080
999 _c1838709
_d1838709